000 00636nam a2200181 a 4500
001 BRCA_1401
005 20190320203418.0
008 751110s1951 mx-a---##b---#000-0#spa-#
050 4 _aLE7.M4
_b.M46 1951
100 1 _aMendoza, Vicente T.
_d1894-1964
_94583
245 1 0 _aVida y costumbres de la Universidad de México
_cVicente T. Mendoza.
260 _a[México]
_bUNAM. Instituto de Investigaciones Estéticas
_c1951
300 _a71 p.
_bil.
_c23 cm.
440 0 _aEdiciones del iv Centenario de la Universidad de México
_v1
_94584
504 _aBibliografía: p. 71-[72].
610 2 4 _aUNAM
_xVida y costumbres
_94585
942 _2lcc
_cB
999 _c1263
_d1263